000 00663nam a2200241Ia 4500
003 OSt
005 20220918105543.0
006 a|||||r|||| 00| 0
007 ta
008 220915b |||||||| |||| 00| 0 eng d
024 _a15544
037 _cReference Collections
040 _aARTS
_cARTS
_beng
041 _2eng
_aeng
082 _aNQxM81x, K2(RR)
100 _aArnheim Rudolf
_92201
245 0 _aGenesis of a painting Picasso's Guernica
260 _aBerkeley
_bUniv of California
_c1962
300 _a139p.
650 _aARTS
942 _hNQxM81x, K2(RR)
_cREF
999 _c108064
_d108064